00734cam a2200229 a 45000010005000000030008000050050017000130080041000300350050000710400037001210410008001580820022001661000020001882450056002082600046002643000034003104900050003445040020003946500019004146500021004338300050004549188BD-RjUL20211208234731.0140120s1969 nyua 001 0 eng d a(BD-RjUL)9233aOCLC ocm10543778 from D970716M aDLCcMNUdUKMdEQOdBD-RjULbeng aeng00a539bBEP 19692231 aBeiser, Arthur.10aPerspectives of modern physics /cby Arthur Beiser. aNew York;aLondon :bMcGraw-Hill,cc1969. avii, 611 p. :bill. ;c23 cm.1 aMcGraw-Hill series in fundamentals of physics aIncludes index. 0amodern physics 0aNuclear physics. 0aMcGraw-Hill series in fundamentals of physics